| 000 | 00396nam a2200145 a 4500 | ||
|---|---|---|---|
| 001 | 22 | ||
| 003 | CDMR | ||
| 005 | 20130306102548.0 | ||
| 008 | 130130s1996||||||||||||||||||||||||||||d | ||
| 040 |
_aCDMR _bcat _cCPC LLEIDA |
||
| 100 | 1 |
_aCurcó Pueyo, Jordi _923 |
|
| 245 | 1 | 3 |
_a"Lo Marraco" i els gegants de Lleida i comarques _cCURCÓ PUEYO, Jordi |
| 260 |
_aLleida _c1996 _bRibera & Rius |
||
| 942 |
_cMON _2udc |
||
| 999 |
_c22 _d22 |
||